=LDR 00000nam 2200000 4500 =001 INLIS000000000033165 =005 20130612135132 =008 ***********************************ind** =035 ##$$0010-061300000033165 =041 ##$$a ind =082 ##$$a 658.11 =090 ##$$a 658.11, Jat p =100 ##$$a Jatmiko, Yayat Haryanti =245 ##$$a Perilaku organisasi, Yayat Haryati jatmiko =260 ##$$a 2008 $b Bandung =300 ##$$a ix,117 hlm, 23 cm =650 ##$$a Manajemen =850 ##$$a NBPNMAT =990 ##$$a 21602344/BPAP-NTB/2017